00425nam a2200109Ia 4500008004100000082001900041100003200060245003700092260003900129630001800168650012900186211109s9999||||xx |||||||||||||| ||und|| a894.812bRAJ-B aRaja Raja Varma, Ezhumatoor 0aBallalakaviyute Bhojaprabhandham bNATIONAL BOOKSTALLaKottayamc1993 xGeneral stack aLiterature & rhetoricvLiteratures of other languagesxAltaic, Uralic, Hyperborean & Dravidianmalayalam literature Malayalam